00640nam a2200193Ia 4500008004100000041001200041082001200053100004700065245007900112260003300191300000800224365000800232520001200240546001200252630007900264650001200343655001200355730007900367101110s9999 xx 000 0 und d aMARATHI bSR34353 aBhende Subhash, Vartak Chandrakant (sampa) aAdhunik maharashtrachi jadanghadan shilpakar charitrakosh kand 2 : Sahitya c2009bSaptahik Vivek, Mumbai a808 b900 aHistory aMARATHI aAdhunik maharashtrachi jadanghadan shilpakar charitrakosh kand 2 : Sahitya aHistory aHistory aAdhunik maharashtrachi jadanghadan shilpakar charitrakosh kand 2 : Sahitya